A doll's house : [A critical study] / (Record no. 9390)
[ view plain ]
| 000 -LEADER | |
|---|---|
| fixed length control field | 00780nac a22002291u 4500 |
| 020 ## - INTERNATIONAL STANDARD BOOK NUMBER | |
| International Standard Book Number | 8175810734 : |
| 082 ## - DEWEY DECIMAL CLASSIFICATION NUMBER | |
| Classification number | 839.8226 |
| Item number | IBS |
| 090 ## - LOCALLY ASSIGNED LC-TYPE CALL NUMBER (OCLC); LOCAL CALL NUMBER (OCLC) | |
| -- | 9390 |
| -- | 9390 |
| 100 ## - MAIN ENTRY--PERSONAL NAME | |
| Personal name | Ibsen, Henrik |
| 245 12 - TITLE STATEMENT | |
| Title | A doll's house : [A critical study] / |
| Statement of responsibility, etc | Henrik Ibsen ; Ramji Lall. |
| 250 ## - EDITION STATEMENT | |
| Edition statement | 19 th ed. |
| 260 ## - PUBLICATION, DISTRIBUTION, ETC. (IMPRINT) | |
| Place of publication, distribution, etc | New Delhi : |
| Name of publisher, distributor, etc | Rama brothers,2006. |
| Date of publication, distribution, etc | c2006. |
| 300 ## - PHYSICAL DESCRIPTION | |
| Extent | x, 252 p. : |
| Dimensions | 21 cm. |
| 500 ## - GENERAL NOTE | |
| General note | Distributer: Al-Ahram |
| 504 ## - BIBLIOGRAPHY, ETC. NOTE | |
| Bibliography, etc | Includes bibliographical references. |
| 511 ## - PARTICIPANT OR PERFORMER NOTE | |
| Participant or performer note | Catalogued by: Sara |
| 650 ## - SUBJECT ADDED ENTRY--TOPICAL TERM | |
| Topical term or geographic name as entry element | Ibsen, Henrik |
| 650 ## - SUBJECT ADDED ENTRY--TOPICAL TERM | |
| Topical term or geographic name as entry element | English Fiction |
| 700 1# - ADDED ENTRY--PERSONAL NAME | |
| Personal name | Lall, Ramji |
| 942 ## - ADDED ENTRY ELEMENTS (KOHA) | |
| Item type | Book - Borrowing |
| Call number prefix | 839.8226 IBS |
| Withdrawn status | Item status | Damaged status | Not for loan | Home library | Current library | Shelving location | Date acquired | Source of acquisition | Total Checkouts | Total Renewals | Full call number | Barcode | Date last seen | Date last borrowed | Koha item type |
|---|---|---|---|---|---|---|---|---|---|---|---|---|---|---|---|
| Central Library | Central Library | Second Floor | 06/05/2008 | Purchase | 4 | 13 | 839.8226 IBS | 000011073 | 15/07/2025 | 02/08/2021 | Book - Borrowing |